| 000 | 01127nam a2200301 a 4500 | ||
|---|---|---|---|
| 001 | 000034979 | ||
| 003 | DO-SdBNP | ||
| 005 | 20231121093204.0 | ||
| 008 | 111024s1982 sp 000 0 spa d | ||
| 020 | _a8420620904 | ||
| 040 |
_aDO-SdBNP _bspa _cBNPHU |
||
| 082 | 4 |
_a330.94 _bH689h, 1982 _222 |
|
| 100 | 1 |
_aHodgett, Gerald Augustus John _960578 |
|
| 240 | 1 |
_aSocial and economic history of medieval Europe, _lspa |
|
| 245 | 1 | 0 |
_aHistoria social y económica de la Europa medieval / _cGerald A. J. Hodgett ; traducción, Javier Faci Lacasta. |
| 250 | _a5a. ed. | ||
| 260 |
_aMadrid : _bAlianza Editorial, _c1982. |
||
| 300 |
_a246 p. ; _c20 cm. |
||
| 490 | 0 |
_aAlianza Universidad ; _v90 |
|
| 500 | _aTít. original: A social and economic history of medieval Europe | ||
| 504 | _aBibliografía: p. 233-246 | ||
| 590 | _aPerteneció a la biblioteca personal de Juan Isidro Jimenes Grullón. | ||
| 651 | 4 |
_aEuropa _xCondiciones económicas _960579 |
|
| 651 | 4 |
_aEuropa _xCondiciones sociales _960580 |
|
| 700 | 1 |
_aFaci Lacasta, Javier, _etr. _960581 |
|
| 910 | _aValidado. Control de calidad MFF | ||
| 942 |
_2ddc _cLBS1 |
||
| 999 |
_c34470 _d34470 |
||